000 00236nam a2200097Ia 4500
005 20251222114416.0
008 251222s1900||||xx |||||||||||||| ||spa||
082 _aDVD0070/M22/2005
245 0 _aVoces inocentes:vozes inocentes
942 _cDVD
999 _c2250
_d2250